Smlouva o Evropské unii. Smlouva o založení Evropského spoločenství

Salvato in:
Dettagli Bibliografici
Natura: Libro
Lingua:ceco
Pubblicazione: Praha : Victoria Publishing, a.s, 1994
Edizione:1.vyd.
Soggetti:
Tags: Aggiungi Tag
Nessun Tag, puoi essere il primo ad aggiungerne!!

MARC

LEADER 00000nam a22000003a 4500
001 stu7092
005 20150408180011.6
008 941110s1994----xr------------------cze-d
020 |a 80-85865-02-5 
040 |a STU  |b slo 
041 0 |a cze 
044 |a xr 
080 |a 339.923 
080 |a 061.1(4-15) 
080 |a EU 
245 |a Smlouva o Evropské unii. Smlouva o založení Evropského spoločenství 
250 |a 1.vyd. 
260 |a Praha :  |b Victoria Publishing, a.s,  |c 1994 
300 |a 243 s 
650 7 |a Európska únia  |2 stusub 
650 7 |a Európske spoločenstvo  |2 stusub 
650 7 |a ES  |2 stusub 
996 |b E79273  |c R*79273  |l RRUM  |s A  |a 24  |w stu7092_0001